[Event "Hannibal Online op U12"]
[Site "Chess.com INT"]
[Date "2020.06.05"]
[Round "5"]
[White "Semenov, Stepan"]
[Black "Pragnya, HG."]
[Result "1/2-1/2"]
[WhiteElo "1308"]
[BlackElo "1640"]
[PlyCount "59"]
[EventDate "2020.06.01"]
[EventType "swiss"]
[EventRounds "9"]
[EventCountry "MDA"]
[SourceTitle "CBM 196 Extra"]
[Source "ChessBase"]
[SourceDate "2020.07.31"]
[SourceVersion "1"]
[SourceVersionDate "2020.07.31"]
[SourceQuality "1"]

1. e4 c5 2. Nf3 d6 3. Bb5+ Nd7 4. Bxd7+ Bxd7 5. 0-0 Nf6 6. Re1 e6 7. c3 Be7 8. d4 cxd4 9. cxd4 0-0 10. Nc3 Bc6 11. Bf4 d5 12. e5 Nd7 13. Rc1 Rc8 14. Qd3 h6 15. a3 Nb6 16. Rb1 Nc4 17. Nd2 Nxd2 18. Bxd2 Bg5 19. Bxg5 Qxg5 20. Re3 Qg6 21. Qd1 a6 22. Rg3 Qh7 23. Rc1 Bd7 24. Qb3 Rc7 25. Qb6 Rfc8 26. Re1 Bb5 27. a4 Bd7 28. Rf1 Qf5 29. h3 Qc2 30. a5 1/2-1/2

[Event "Hannibal Online op U12"]
[Site "Chess.com INT"]
[Date "2020.06.03"]
[Round "3"]
[White "Semenov, Stepan"]
[Black "Balan, Iurie"]
[Result "1-0"]
[WhiteElo "1308"]
[BlackElo "1101"]
[PlyCount "83"]
[EventDate "2020.06.01"]
[EventType "swiss"]
[EventRounds "9"]
[EventCountry "MDA"]
[SourceTitle "CBM 196 Extra"]
[Source "ChessBase"]
[SourceDate "2020.07.31"]
[SourceVersion "1"]
[SourceVersionDate "2020.07.31"]
[SourceQuality "1"]

1. e4 c5 2. Nf3 e6 3. c3 d5 4. exd5 exd5 5. Bb5+ Bd7 6. Bxd7+ Qxd7 7. 0-0 Nf6 8. Re1+ Be7 9. d4 cxd4 10. Nxd4 0-0 11. Bg5 Nc6 12. Nxc6 bxc6 13. Nd2 Rfe8 14. Nf3 Ne4 15. Rxe4 Qf5 16. Rxe7 Rxe7 17. Bxe7 Re8 18. Bc5 a6 19. Bd4 h6 20. Qd2 Re6 21. Re1 Re4 22. h3 Rf4 23. Be5 Re4 24. Rxe4 dxe4 25. Qf4 Qxf4 26. Bxf4 exf3 27. gxf3 Kf8 28. Kf1 Ke7 29. Ke2 Ke6 30. Kd3 Kd5 31. Be3 f5 32. c4+ Ke5 33. f4+ Kd6 34. Kd4 c5+ 35. Kc3 Kc6 36. b4 cxb4+ 37. Kxb4 g6 38. h4 h5 39. a4 Kb7 40. Kc5 Kc7 41. Kd5 Kd7 42. c5 1-0